000 00292nam a22001337a 4500
008 170411b xxu||||| |||| 00| 0 eng d
020 _a088091176X
041 _aeng
080 _a612.39
100 _a10
101 _aSHM
245 _aSPORTS NUTRITION
_cROSENBLOOM, CH.A
942 _2udc
_cBK
999 _c10448
_d10448